000 00546nam a2200205 a 4500
001 BS0001231
003 BR-BrBNA
005 20230926164843.0
008 230308b |||||||| |||| 00| 0 por d
040 _aBR-BrBNA
_bpor
_cBiblioteca Nacional de Agricultura
041 _apor
072 _aS86
090 _aS86
_bBS0001231
100 _aMarçal, Iguamir Antônio T.
245 1 _aAntologia escolar /
260 3 _aRio de Janeiro:
_bBiblioteca do Exército,
_c1995.
300 _a227 p.
650 _aLITERATURA BRASILEIRA
942 _cBK
_2AGRIS
999 _c6288
_d6288